English words of greek origin - Statistics

General Stats
  • This quiz has been taken 758 times
  • The average score is 12 of 20
Answer Stats
Hint Answer % Correct
The order of the letters Alphabet
96%
A man who explores the space Astronaut
93%
The place people go to learn something School
90%
You need to breath it every few seconds Oxygen
88%
Fear of the spiders Arachnophobia
80%
The woman that gives birth to a child Mother
77%
It connects two opposite points of a circle Diameter
74%
A vertical takeoff flying machine Helicopter
74%
Earth doesn't have exactly this shape Sphere
73%
The art of composing, playing an instrument or singing. Music
67%
It literally means "Bird expert" Ornithologist
57%
The science of understanding the natural laws Physics
57%
"Tiny-viewer" Microscope
55%
An entertainer with great balance and coordination skills. Acrobat
49%
A huge gap you can't leap over Chasm
38%
King Monarch
32%
The feeling of extreme happiness, comfort and health Euphoria
29%
Fundamental, essential Basic
27%
The action or will to help people in need Philanthropy
20%
A shocking discovery Scandal
0%
No matching quizzes found
Score Distribution
Percent of People with Each Score
Percentile by Number Answered
Your Score History
You have not taken this quiz